Los sueños de Bruno / (Registro nro. 11637)

Detalles MARC
000 -LIDER
fixed length control field 00856nam a22003015b 4500
001 - NÚMERO DE CONTROL
Identificador de número de control 043728
003 - IDENTIFICACDOR DE NÚMERO DE CONTROL
control field DO-SdBNP
005 - DATE AND TIME OF LATEST TRANSACTION
control field 20180206105429.0
007 - CAMPOS FIJOS DE DESCRIPCIÓN FÍSICA
fixed length control field 043728
008 - ELEMENTOS DE LONGITUD FIJA
fixed length control field 950331s1994 sp | |||| ||spa
016 7# - NO. DE CONTROL DE LA AGENCIA BIB. NACIONAL
Record control number
Source BPMSU
017 ## - NÚMERO DE REGISTRO DE DERECHOS DE AUTOR
Copyright or legal deposit number
Assigning agency
020 ## - ISBN
International Standard Book Number 8434830949
035 ## - NÚMERO LOCAL
System control number
040 ## - FUENTE DE CATALOGACIÓN
Agencia que crea de manera original el registro BPMSU
Idioma de catalogación spa
Agencia que realiza la transcripción BPMSU
Convenciones de la despripción rdc
080 #0 - NÚMERO DE CLASIFICACIÓN DECIMAL UNIVERSAL
Universal Decimal Classification number
100 1# - ASIENTO PRINCIPAL -- NOMBRE PERSONAL
Nombre personal Rubio, Rodrigo
Fechas asociadas con el nombre 1931-2007
245 14 - MENCIÓN DE TITULO
Título Los sueños de Bruno /
Mención de responsabilidad Rodrigo Rubio ; ilustraciones, Arturo Requejo
Medio (Designación general de material)
250 ## - MENCIÓN DE EDICION
Mención de edición 4ª ed.
260 ## - PUBLICACIÓN, DISTRIBUCIÓN, ETC. (PIE DE IMPRENTA)
Lugar de publicación, distribución, etc Madrid :
Nombre del editor, distribuidor, etc. Ediciones SM,
Fecha de publicación, distribución, etc 1994
300 ## - DESCRIPCIÓN FÍSICA
Extensión 118 p. :
Otros detalles físicos il.;
Dimensiones 20 cm
490 ## - MENCIÓN DE SERIES
Mención de serie El barco de vapor ;
-- Serie roja
Volume/sequential designation 59
700 1# - ASIENTO SECUNDARIO -- NOMBRE PERSONAL
Nombre personal Requejo, Arturo
Mención de responsabilidad ilustración
830 ## - ASIENTO SECUNDARIO DE SERIE--TÍTULO UNIFORME
Título uniforme El barco de papel ;
Volume number/sequential designation 59
Nombre de la parte o sección de una obra Serie roja
942 ## - ADDED ENTRY ELEMENTS (KOHA)
Source of classification or shelving scheme Dewey Decimal Classification
Koha item type Libros
945 ## - INFORMACIÓN DE PROCESAMIENTO LOCAL
Información de procesamiento local inventariado, 2018 / dg
956 ## - LOCAL ELECTRONIC LOCATION AND ACCESS (OCLC)
Nombre de host VMATEO
Número de acceso 10
Información de compresión 20161020
Trayectoria BPMSU
Nombre Electrónico 0069
Existencias
Withdrawn status Lost status Source of classification or shelving scheme Damaged status Not for loan Collection code Home library Current library Date acquired Source of acquisition Total Checkouts Barcode Date last seen Price effective from Koha item type
    Dewey Decimal Classification     Colección Juvenil General Biblioteca Pública Metropolitana Salomé Ureña Biblioteca Pública Metropolitana Salomé Ureña 10/20/2016 SELLAR   BPMSU16100308 10/20/2016 10/20/2016 Libros